LEADER 01340nam0 2200325 i 450 001 RAV0190632 005 20231121125637.0 020 $aIT$b816016 100 $a20160725d1979 ||||0itac50 ba 101 | $aita 102 $ait 181 1$6z01$ai $bxxxe 182 1$6z01$an 200 1 $aTeoria della riproduzione e dell'accumulazione$fOskar Lange 210 $aTorino$cBoringhieri$d\1979! 215 $a176 p.$d21 cm 225 | $aTesti e manuali della scienza contemporanea$i. Serie di economia 410 0$1001RAV0107631$12001 $aTesti e manuali della scienza contemporanea$i. Serie di economia 500 10$aTeoria reprodukcji i akumulacji. -$3RAV0191326$9RAVV018247$925799 700 1$aLange$b, Oskar$3RAVV018247$4070$048485 790 1$aLange$b, Oscar$3CFIV146681$zLange, Oskar 790 1$aLange$b, Oskar Richard$3SBNV094273$zLange, Oskar 801 3$aIT$bIT-01$c20160725 850 $aIT-FR0098 899 $aBiblioteca Area Giuridico Economica$bFR0098 912 $aRAV0190632 950 0$aBiblioteca Area Giuridico Economica$d 53CAM 330/34$e 53VM 0000075305 VM barcode:ECO001913. - Inventario:4004. - Fondo:Sala consultazioneVM$fA $h19940608$i20121204 977 $a 53 996 $aTeoria reprodukcji i akumulacji$925799 997 $aUNICAS